00402nam a2200145Ia 4500008004100000010001400041040002600055041002600081082001700107100001800124245004200142260002400184300002100208600002700229090201s9999 xx 000 0 und d aKPL-13349 bइंग्रजी aइंग्रजी a20347b13349 ajohn osborne athe gift of friendshipcjohn osborne c2004bfaber & faber a36bमोठा athe gift of friendship